LEADER 01195nas 22003013a 450 001 9910142811103321 005 20240413014414.0 035 $a(CKB)1000000000531368 035 $a(CONSER) 2010325362 035 $a(EXLCZ)991000000000531368 100 $a20110427a200u9999 ua 101 0 $aeng 181 $ctxt$2rdacontent 182 $cc$2rdamedia 183 $acr$2rdacarrier 200 14$aThe journal of agriculture and environment /$fGovernment of Nepal, Ministry of Agriculture and Cooperatives 210 $aKathmandu $cGovt. of Nepal, Ministry of Agriculture and Cooperatives, Agriculture Environment and Biodiversity Section$d2007- 215 $a1 online resource 300 $aThis issue is published on the occasion of the world environment/population day. 300 $aRefereed/Peer-reviewed 311 08$aPrint version: Journal of agriculture and environment (Print) (DLC) 2010325362 (OCoLC)715055048 517 3 $aAgriculture and environment 712 02$aNepal.$bMinistry of Agriculture and Co-operatives. 906 $aJOURNAL 912 $a9910142811103321 920 $aexl_impl conversion 996 $aThe journal of agriculture and environment$92548833 997 $aUNINA